<?xml version="1.0" encoding="UTF-8"?>
<record
    xmlns:xsi="http://www.w3.org/2001/XMLSchema-instance"
    xsi:schemaLocation="http://www.loc.gov/MARC21/slim http://www.loc.gov/standards/marcxml/schema/MARC21slim.xsd"
    xmlns="http://www.loc.gov/MARC21/slim">

  <leader>03133nam a2200397 a 4500</leader>
  <controlfield tag="003">DO-SdBPM</controlfield>
  <controlfield tag="005">20250730112419.0</controlfield>
  <controlfield tag="007">ta</controlfield>
  <controlfield tag="008">220615e2015 dr  aoh|gr|||| 001 edspa d</controlfield>
  <datafield tag="020" ind1=" " ind2=" ">
    <subfield code="a">9789945586244</subfield>
  </datafield>
  <datafield tag="040" ind1=" " ind2=" ">
    <subfield code="a">DO-SdBPM</subfield>
    <subfield code="b">spa</subfield>
    <subfield code="c">BPMSI </subfield>
    <subfield code="e">rda</subfield>
  </datafield>
  <datafield tag="082" ind1=" " ind2="4">
    <subfield code="a"> 972.93053</subfield>
    <subfield code="b">B673o 2015</subfield>
    <subfield code="2"> 22</subfield>
  </datafield>
  <datafield tag="100" ind1="1" ind2=" ">
    <subfield code="a">Bofill P&#xE9;rez, Mar&#xED;a Antonia, </subfield>
    <subfield code="d">1954-</subfield>
    <subfield code="e">autor </subfield>
  </datafield>
  <datafield tag="245" ind1="1" ind2="3">
    <subfield code="a">La olvidada expedici&#xF3;n a Santo Domingo en 1959 /</subfield>
    <subfield code="c">Mar&#xED;a Antonia Bofill P&#xE9;rez ; presentaci&#xF3;n, Miguelina Crespo V.; Edici&#xF3;n y correcci&#xF3;n, William Capell&#xE1;n Ferreira, Daniel Garc&#xED;a Santos</subfield>
  </datafield>
  <datafield tag="250" ind1=" " ind2=" ">
    <subfield code="a">2da. ed.</subfield>
  </datafield>
  <datafield tag="260" ind1=" " ind2=" ">
    <subfield code="b"> </subfield>
  </datafield>
  <datafield tag="264" ind1=" " ind2=" ">
    <subfield code="a">Santo Domingo :</subfield>
    <subfield code="b">Comisi&#xF3;n Permanente de Efem&#xE9;rides Patrias,</subfield>
    <subfield code="c">2015</subfield>
  </datafield>
  <datafield tag="300" ind1=" " ind2=" ">
    <subfield code="a">195 p&#xE1;ginas :</subfield>
    <subfield code="b">ilustraciones, fotorgraf&#xED;a ;</subfield>
    <subfield code="c">23 cm.</subfield>
  </datafield>
  <datafield tag="336" ind1=" " ind2=" ">
    <subfield code="a">texto</subfield>
    <subfield code="b">txt</subfield>
    <subfield code="2">rdacontent </subfield>
  </datafield>
  <datafield tag="337" ind1=" " ind2=" ">
    <subfield code="a">sin mediaci&#xF3;n </subfield>
    <subfield code="b">n</subfield>
    <subfield code="2">rdamedia </subfield>
  </datafield>
  <datafield tag="338" ind1=" " ind2=" ">
    <subfield code="a">volumen </subfield>
    <subfield code="b">nc</subfield>
    <subfield code="2">rdacarrier </subfield>
  </datafield>
  <datafield tag="490" ind1="0" ind2=" ">
    <subfield code="a">Comisi&#xF3;n Permanente de Efem&#xE9;rides Patrias,</subfield>
    <subfield code="v">229</subfield>
  </datafield>
  <datafield tag="500" ind1=" " ind2=" ">
    <subfield code="a">Incluye datos biogr&#xE1;ficos del autor en la solapa de la cubierta </subfield>
  </datafield>
  <datafield tag="500" ind1=" " ind2=" ">
    <subfield code="a">Incluye &#xED;ndice onom&#xE1;stico, </subfield>
  </datafield>
  <datafield tag="504" ind1=" " ind2=" ">
    <subfield code="a">Bibliograf&#xED;a: p&#xE1;ginas. 183- 184</subfield>
  </datafield>
  <datafield tag="505" ind1="0" ind2=" ">
    <subfield code="a">Presentaci&#xF3;n / &#xC1;ngela Pe&#xF1;a, 11.-- A modo de presentaci&#xF3;n, 15.-- Antecedentes. Fidel en el proceso de Cayo Confites, a&#xF1;o 1947, 24.-- Las victorias del Ej&#xE9;rcito Rebelde, 27.-- Triunfo de la Revoluci&#xF3;n Cubana, 29.-- Los que estuvieron en Mil Cumbres, testimonios de los participantes en los hechos, 32.-- Primeras acciones para la salida, 38.-- Los hechos. Lugar y fecha de la salida, 48.-- Rumbo este, hacia el Paso de los Vientos, 53.-- Se traspasan la cortina de acero, 54.-- Las consecuencias. El desembarco lo hicimos por Hait&#xED;, 61.--Y... que estos d&#xED;as ser&#xED;an recordados, 67.-- La invasi&#xF3;n del Argelino, 70.-- Empec&#xE9; a so&#xF1;ar que nos estaban atacando, 75.-- La captura, 82.-- Los expedicionarios narran sus vivencias en las carceles de Hait&#xED;, 87.-- Retorno a casa. La llegada a Cuba, 98.-- Los recuerdos, 108.-- Los expedicionarios. Relaci&#xF3;n de los expedicionarios del 10 de agosto de 1959, 113.-- Biograf&#xED;as de los inmolados, 115.-- A modo de conclusi&#xF3;n. Entrevista &#xED;ntegra realizada por Mar&#xED;a Antonia Bofill P&#xE9;rez a Delio G&#xF3;mez Ochoa [...], 154.-- De la entrevista a Roberto Fajardo Soto, 162.-- Anexos. Carta de Jos&#xE9; Ram&#xF3;n Fern&#xE1;ndez Mengual a Delio G&#xF3;mez Ochoa [...], 167.-- Recorte del peri&#xF3;dico El Mundo: &#xAB;Cubanos prisioneros&#xBB;, 168.-- Propuestas de condecoraciones, 171.-- &#xAB;El Gaucho&#xBB;, tomado de Ese hombre y otros papeles personales, de Rodolfo Walsh, 177.-- Carta de los dominicanos a los puertopradenses, 182.-- Bibliograf&#xED;a, 183.</subfield>
  </datafield>
  <datafield tag="590" ind1=" " ind2=" ">
    <subfield code="a">Inventariado 2025 /VM</subfield>
  </datafield>
  <datafield tag="651" ind1=" " ind2="7">
    <subfield code="a">Santo Domingo (Rep&#xFA;blica Domincana)</subfield>
    <subfield code="x">Historia</subfield>
    <subfield code="y"> Era de Trujillo 1930-1961 </subfield>
    <subfield code="v"> </subfield>
  </datafield>
  <datafield tag="651" ind1=" " ind2="7">
    <subfield code="a">Rep&#xFA;blica Dominicana </subfield>
    <subfield code="x">Historia</subfield>
    <subfield code="y">Expedici&#xF3;n de junio 1959  </subfield>
  </datafield>
  <datafield tag="700" ind1="1" ind2=" ">
    <subfield code="a">Crespo V.,  Miguelina </subfield>
    <subfield code="e">presentaci&#xF3;n </subfield>
  </datafield>
  <datafield tag="700" ind1="1" ind2=" ">
    <subfield code="a">Capell&#xE1;n Ferreira, William </subfield>
    <subfield code="e">editor </subfield>
  </datafield>
  <datafield tag="700" ind1="1" ind2=" ">
    <subfield code="a">Garc&#xED;a Santos, Daniel</subfield>
    <subfield code="e">editor </subfield>
  </datafield>
  <datafield tag="710" ind1="2" ind2=" ">
    <subfield code="a">Rep&#xFA;blica Dominicana.</subfield>
    <subfield code="b"> Archivo General de la Naci&#xF3;n </subfield>
  </datafield>
  <datafield tag="910" ind1=" " ind2=" ">
    <subfield code="a">VMateo V. Control de calidad. BPMSU </subfield>
  </datafield>
  <datafield tag="942" ind1=" " ind2=" ">
    <subfield code="2">ddc</subfield>
    <subfield code="c">BK</subfield>
  </datafield>
  <datafield tag="952" ind1=" " ind2=" ">
    <subfield code="0">0</subfield>
    <subfield code="1">0</subfield>
    <subfield code="2">ddc</subfield>
    <subfield code="7">0</subfield>
    <subfield code="8">CD</subfield>
    <subfield code="a">BPMET</subfield>
    <subfield code="b">BPMET</subfield>
    <subfield code="d">2018-02-07</subfield>
    <subfield code="e">Archivo General de la Naci&#xF3;n</subfield>
    <subfield code="l">0</subfield>
    <subfield code="o">BPMSU CG  972.93053 B673o 2015</subfield>
    <subfield code="p">BPMSU18020094</subfield>
    <subfield code="r">2018-02-07</subfield>
    <subfield code="w">2018-02-07</subfield>
    <subfield code="y">BK</subfield>
  </datafield>
  <datafield tag="999" ind1=" " ind2=" ">
    <subfield code="c">13272</subfield>
    <subfield code="d">13272</subfield>
  </datafield>
</record>
